| 000 | 00691nam a2200217 i 4500 | ||
|---|---|---|---|
| 001 | 187098 | ||
| 003 | SpMaBN | ||
| 005 | 20250721062646.0 | ||
| 008 | 170412s1959 sp |||| | spa d | ||
| 080 | _a33(075.3) | ||
| 100 | 1 |
_aPoly, Jean. _9162382 |
|
| 245 | 1 | 0 |
_aElementos de economía política / _cpor J. Poly, J. Roche ; prólogo de P. Jaraiz Franco ; traducción por J.L. Espejo Rivas. |
| 260 |
_aBarcelona : _bMarcombo, _c[1959] |
||
| 300 |
_a502 p. ; _c23 cm. |
||
| 500 | _aApéndice estadístico. | ||
| 650 | 0 | 7 |
_aEconomía _2embne _912006 |
| 700 | 1 |
_aRoche, J. _9162380 |
|
| 700 | 1 |
_aJaráiz Franco, Pilar. _9162381 |
|
| 852 |
_aES-MaACL _jL-31421 |
||
| 999 |
_c187098 _d187098 |
||